Endemic skeletal fluorosis / (Record no. 55745)

MARC details
000 -LEADER
fixed length control field 00859nam a22002417a 4500
005 - DATE AND TIME OF LATEST TRANSACTION
control field 20110816122752.0
008 - FIXED-LENGTH DATA ELEMENTS--GENERAL INFORMATION
fixed length control field 110816t xxu||||| |||| 00| 0 eng d
010 ## - LCCN (DPL NO)
LC control number ENG-103516
020 ## - INTERNATIONAL STANDARD BOOK NUMBER
Terms of availability 250.00
035 ## - SYSTEM CONTROL NUMBER
System control number EN-87049
037 ## - SOURCE OF ACQUISITION
Source of stock number/acquisition DBAD/PUB
040 ## - CATALOGING SOURCE
Original cataloging agency DPL
Language of cataloging Eng
082 ## - DEWEY DECIMAL CLASSIFICATION NUMBER
Classification number 611.7
100 ## - MAIN ENTRY--PERSONAL NAME
9 (RLIN) 32849
Personal name Reddy,Raja
245 ## - TITLE STATEMENT
Title Endemic skeletal fluorosis /
Statement of responsibility, etc by Raja Reddy [and] Srikanth R Deme
260 ## - PUBLICATION, DISTRIBUTION, ETC. (IMPRINT)
Date of publication, distribution, etc 2010
Place of publication, distribution, etc Hyderabad
Name of publisher, distributor, etc Ramaiah Vidyapeetham
270 ## - ADDRESS
Address 1-8-702/33/20A Padma Colony, Nallakunta
City Hyderabad
Postal code 500044
300 ## - PHYSICAL DESCRIPTION
Extent 171p.
Dimensions 22cm(pbk)
500 ## - GENERAL NOTE
General note Includes bibliographical references
700 ## - ADDED ENTRY--PERSONAL NAME
Personal name Deme,Srikanth R.
9 (RLIN) 33249
942 ## - ADDED ENTRY ELEMENTS (KOHA)
Source of classification or shelving scheme Dewey Decimal Classification
Item type English Books
Call number suffix RED
Classification part 611.7
Holdings
Withdrawn status Lost status Source of classification or shelving scheme Damaged status Not for loan Collection code Home library Current library Date acquired Source of acquisition Cost, normal purchase price Total Checkouts Full call number Barcode Date last seen Copy number Cost, replacement price Koha item type
    Dewey Decimal Classification   Not For Loan Non-fiction D.B.Act.Division D.B.Act.Division 19/08/2011 DBAD / PUB 250.00   611.7RED EN-87049 19/08/2011 1 250.00 English Books

© Delhi Public Library
Hit Counter
free hit counter